| 000 | 01493cam a22003974a 4500 | ||
|---|---|---|---|
| 001 | 15311645 | ||
| 003 | OSt | ||
| 005 | 20140310182456.0 | ||
| 008 | 080528s2009 paua be 001 0 eng | ||
| 010 | _a 2008023519 | ||
| 016 | 7 |
_a101475159 _2DNLM |
|
| 020 | _a9780781798327 (alk. paper) | ||
| 020 | _a0781798329 (alk. paper) | ||
| 035 | _a(OCoLC)230847995 | ||
| 035 | _a(OCoLC)ocn230847995 | ||
| 040 |
_aDNLM/DLC _cDLC _dNLM _dBAKER _dBTCTA _dYDXCP _dC#P _dDLC |
||
| 042 | _apcc | ||
| 050 | 0 | 0 |
_aRT 21 _b.L57 2009 |
| 060 | 0 | 0 | _a2009 A-163 |
| 060 | 1 | 0 |
_aWY 13 _bL7655 2009 |
| 245 | 0 | 0 | _aLippincott's visual encyclopedia of clinical skills / |
| 246 | 3 | 0 | _aVisual encyclopedia of clinical skills |
| 260 |
_aPhiladelphia : _bWolters Kluwer Health/Lippincott Williams & Wilkins, _cc2009. |
||
| 300 |
_a625 p. : _bcol. ill. ; _c29 cm. |
||
| 500 | _aIncludes bibliographical references and index. | ||
| 650 | 0 |
_aNursing _vEncyclopedias. _98432 |
|
| 650 | 0 |
_aNursing _vAtlases. _98433 |
|
| 650 | 1 | 2 |
_aNursing Care _xmethods _vEncyclopedias _xEnglish. _98434 |
| 650 | 2 | 2 |
_aClinical Competence _vEncyclopedias _xEnglish. _98435 |
| 710 | 2 |
_aLippincott Williams & Wilkins. _97366 |
|
| 856 | 4 | 1 |
_3Table of contents only _uhttp://www.loc.gov/catdir/toc/ecip0820/2008023519.html |
| 906 |
_a7 _bcbc _corignew _d1 _eecip _f20 _gy-gencatlg |
||
| 942 |
_2lcc _cSSLC |
||
| 999 |
_c13747 _d13747 |
||